Cultivos marinos (Record no. 84044)

MARC details
000 -LEADER
campo de control de longitud fija 00534nam a2200169 i 4500
001 - NÚMERO DE CONTROL
campo de control 84044
003 - IDENTIFICADOR DE NÚMERO DE CONTROL
campo de control ES-MaACL
005 - FECHA Y HORA DE LA ÚLTIMA TRANSACCIÓN
campo de control 20230906174933.0
007 - CAMPO FIJO DE DESCRIPCIÓN FÍSICA--INFORMACIÓN GENERAL
campo de control de longitud fija t|
008 - DATOS DE LONGITUD FIJA--INFORMACIÓN GENERAL
campo de control de longitud fija 041119s1972 sp ||||1| spa d
100 1# - ENTRADA PRINCIPAL--NOMBRE DE PERSONA
Nombre de persona Iversen, E. S.
9 (RLIN) 65667
245 10 - MENCIÓN DEL TÍTULO
Título Cultivos marinos
Resto del título : peces, moluscos, crustáceos /
Mención de responsabilidad, etc. E.S. Iversen ; traducido Aurora Pérez Torromé.
260 ## - PUBLICACIÓN, DISTRIBUCIÓN, ETC.
Lugar de publicación, distribución, etc. Zaragoza :
Nombre del editor, distribuidor, etc. Acribia,
Fecha de publicación, distribución, etc. [1972]
300 ## - DESCRIPCIÓN FÍSICA
Extensión XVI, 310 p. :
Otras características físicas il. ;
Dimensiones 24 cm.
700 1# - ENTRADA AGREGADA--NOMBRE PERSONAL
Nombre de persona Pérez Torromé, Aurora.
9 (RLIN) 91179
852 ## - LOCALIZACIÓN
Ubicación ES-MaACL
Número de control de estantería C-43502
Sublocalización o colección R.80361
Holdings
Estatus retirado Estado de pérdida Estado de daño No para préstamo Biblioteca de origen Biblioteca actual Ubicación en estantería Fecha de adquisición Fuente de adquisición Total de préstamos Signatura topográfica completa Código de barras Visto por última vez Precio de reemplazo Tipo de ítem Koha
        Biblioteca del Ateneo de Madrid Biblioteca del Ateneo de Madrid Depósito 2 17/01/2008     C-43502 1087832 23/02/2023 23/02/2023 Libro impreso